| 000 | 00630nam a2200217Ia 4500 | ||
|---|---|---|---|
| 005 | 20230628111852.0 | ||
| 008 | 131103s9999 xx 000 0 und d | ||
| 020 | _aSBN 333124006 | ||
| 040 | _aLoreto College | ||
| 041 | _aEnglish | ||
| 082 |
_a942.062 _bRUS |
||
| 245 | 4 |
_aThe origins of the English civil war _cedited by Conard Russell |
|
| 260 |
_aLondon _bMacmillan Press _c1973 |
||
| 300 | _ax,285 p. | ||
| 440 | _aProblems In Focus Series | ||
| 504 | _aIncludes bibliographical references and index | ||
| 650 | _aCivil War,1642 - 1649 | ||
| 651 | _aEngland - History,1642 - 1649 | ||
| 850 | _aLCLIB | ||
| 942 | _cBK | ||
| 999 |
_c8408 _d58887 |
||